Sports Quiz

Random Sports or Soccer Quiz
Score 0/209 Timer 17:00
16 Plays Today
% Correct
Thierry Henry
96.2%
Thierry Henry
96.2%
Thierry Henry
96.2%
Thierry Henry
96.2%
Thierry Henry
96.2%
Thierry Henry
96.2%
Thierry Henry
96.2%
Petr Čech
89.2%
Dennis Bergkamp
88.9%
Dennis Bergkamp
88.8%
David Seaman
88.8%
David Seaman
88.8%
David Seaman
88.8%
David Seaman
88.8%
Mesut Özil
86.8%
Jens Lehmann
86.3%
Jens Lehmann
86.3%
Jens Lehmann
86.3%
Jens Lehmann
86.3%
Olivier Giroud
86.1%
Olivier Giroud
86%
Mesut Özil
85.9%
Mesut Özil
85.9%
Robin Van Persie
85.8%
Robin Van Persie
85.8%
Olivier Giroud
85.6%
Robert Pires
85.5%
Robert Pires
85.5%
Robert Pires
85.5%
Robert Pires
85.5%
Robert Pires
85.5%
Robin Van Persie
85.4%
Olivier Giroud
84.9%
Francesc Fabregas
84.1%
Francesc Fabregas
84.1%
Francesc Fabregas
84.1%
Francesc Fabregas
84.1%
Francesc Fabregas
84.1%
Francesc Fabregas
84.1%
Alexis Sanchez
83.6%
Alexis Sánchez
83.5%
Francesc Fabregas
83.4%
Patrick Vieira
83.1%
Patrick Vieira
83.1%
Patrick Vieira
83.1%
Patrick Vieira
83.1%
Patrick Vieira
83.1%
Patrick Vieira
83.1%
Laurent Koscielny
82.9%
Laurent Koscielny
82.9%
Laurent Koscielny
82.6%
Ashley Cole
82.6%
Ashley Cole
82.6%
Ashley Cole
82.6%
Ashley Cole
82.6%
Ashley Cole
82.6%
Alexis Sanchez
82.1%
Laurent Koscielny
82.1%
Theo Walcott
82%
Sol Campbell
81.9%
Sol Campbell
81.9%
Sol Campbell
81.9%
Sol Campbell
81.9%
Laurent Koscielny
81.5%
Laurent Koscielny
81.4%
Per Mertesacker
80.4%
Per Mertesacker
80.3%
Aaron Ramsey
80%
Tony Adams
79.7%
Tony Adams
79.7%
% Correct
Tony Adams
79.7%
Aaron Ramsey
79.7%
Per Mertesacker
79.5%
Aaron Ramsey
79.3%
Per Mertesacker
78.8%
Fredrik Ljungberg
77%
Fredrik Ljungberg
77%
Fredrik Ljungberg
77%
Fredrik Ljungberg
77%
Fredrik Ljungberg
77%
Fredrik Ljungberg
77%
Fredrik Ljungberg
77%
Héctor Bellerín
76.4%
Bacary Sagna
75.8%
Bacary Sagna
75.8%
Bacary Sagna
75.8%
Jack Wilshere
75.6%
Héctor Bellerín
75.5%
Héctor Bellerín
74.8%
Manuel Almunia
74.6%
Manuel Almunia
74.6%
Manuel Almunia
74.6%
Wojciech Szczesny
74.1%
Wojciech Szczesny
73.5%
Kolo Toure
73.5%
Kolo Toure
73.5%
Kolo Toure
73.5%
Kolo Toure
73.5%
Kolo Toure
73.5%
Kolo Toure
73.5%
Bacary Sagna
73.5%
Wojciech Szczesny
73.4%
David Ospina
73.1%
Gael Clichy
71.1%
Gael Clichy
71.1%
Gael Clichy
71.1%
Gael Clichy
71.1%
Gael Clichy
70.4%
Nacho Monreal
70.1%
Santi Cazorla
69.5%
Emmanuel Adebayor
69.2%
Emmanuel Adebayor
69.2%
Gilberto Silva
68.6%
Gilberto Silva
68.6%
Gilberto Silva
68.6%
Gilberto Silva
68.6%
Santi Cazorla
68.4%
Martin Keown
68.3%
Martin Keown
68.3%
Martin Keown
68.3%
Santi Cazorla
68.3%
Lukasz Fabianski
67.9%
Kieran Gibbs
67.5%
Lauren
67.3%
Lauren
67.3%
Lauren
67.3%
Lauren
67.3%
Alex Oxlade-Chamberlain
66.5%
Samir Nasri
66.1%
Samir Nasri
66.1%
Kieran Gibbs
66.1%
Samir Nasri
65.5%
Alex Oxlade-Chamberlain
65.5%
Sylvain Wiltord
65.3%
Sylvain Wiltord
65.3%
Lee Dixon
64.4%
Lee Dixon
64.4%
Lee Dixon
64.4%
Marc Overmars
64%
Marc Overmars
64%
% Correct
Mikel Arteta
63.8%
Emmanuel Petit
63.8%
Mikel Arteta
63.7%
Shkodran Mustafi
62.1%
Kieran Gibbs
61.9%
Ray Parlour
61.8%
Ray Parlour
61.8%
Mikel Arteta
61.7%
Tomas Rosicky
61.7%
Tomas Rosicky
61.4%
Grant Xhaka
61.2%
Tomas Rosicky
61.2%
William Gallas
60.5%
William Gallas
60.5%
William Gallas
60.5%
William Gallas
60.5%
Tomas Rosicky
60.3%
Andrei Arshavin
60.1%
Danny Welbeck
59.6%
Thomas Vermaelen
59.3%
Mathieu Flamini
59.1%
Nicolas Anelka
58.7%
Mathieu Flamini
58.6%
Mathieu Flamini
58.6%
Thomas Vermaelen
58.6%
Thomas Vermaelen
57.4%
Alex Song
56.3%
Alex Song
56.3%
Nigel Winterburn
56.1%
Nigel Winterburn
56.1%
Jose Antonio Reyes
56%
Jose Antonio Reyes
56%
Lukas Podolski
55.8%
Alex Song
55.7%
Nwankwo Kanu
55.6%
Nwankwo Kanu
55.6%
Alex Song
55.5%
Emmanuel Eboue
55.2%
Emmanuel Eboue
55.2%
Emmanuel Eboue
55.2%
Emmanuel Eboue
55.2%
Francis Coquelin
54.7%
Emmanuel Eboue
54.7%
Edu
52.3%
Francis Coquelin
51.9%
Abou Diaby
51.4%
Aliaksandr Hleb
50.4%
Aliaksandr Hleb
50.4%
Aliaksandr Hleb
50.4%
Philippe Senderos
47.5%
Philippe Senderos
47.5%
Calum Chambers
45.1%
Marouane Chamakh
43.5%
Alex Iwobi
43.2%
Johan Djourou
41.6%
Gabriel
40.7%
Carl Jenkinson
40.5%
Pascal Cygan
40.3%
Vito Mannone
40.1%
Denilson
38.5%
Gervinho
38.5%
Gervinho
37.7%
Alex Manninger
36.2%
Sebastien Squillaci
36%
Andre Santos
34.1%
Giovanni van Bronckhorst
31.1%
Gilles Grimandi
31%
Gilles Grimandi
31%
Christopher Wreh
25.8%
Come Together.
Have Fun.
All Virtual.
We all need to come together. Play Sporcle's virtual live trivia to have fun, connect with people, and get your trivia on. Join a live hosted trivia game for your favorite pub trivia experience done virtually. If a virtual private party is more your thing, go here for details.

You're not logged in!

Compare scores with friends on all Sporcle quizzes.
OR
Log In

Sporcle TV

Today on Sporcle TV


Watch our educational content, quiz creation guides, and fun videos on Sporcle TV.

Show Comments

Extras

Top Quizzes Today


Score Distribution

Paid Content

Your Account Isn't Verified!

In order to create a playlist on Sporcle, you need to verify the email address you used during registration. Go to your Sporcle Settings to finish the process.

Report this User

Report this user for behavior that violates our Community Guidelines.

Details: